[Event "Scarborough CC-ch U1800"]
[Site "Toronto CAN"]
[Date "2016.05.05"]
[Round "6"]
[White "Pishdad, Hassan"]
[Black "Gillis, Doug"]
[Result "0-1"]
[WhiteElo "1109"]
[BlackElo "1472"]
[PlyCount "102"]
[EventDate "2016.03.31"]
[EventType "swiss"]
[EventRounds "8"]
[EventCountry "CAN"]

1. d4 d5 2. c4 e6 3. Nf3 Nf6 4. e3 Be7 5. Be2 O-O 6. O-O b6 7. Nc3 Bb7 8. a3
Nbd7 9. b3 c5 10. Bb2 Rc8 11. Rc1 Re8 12. Re1 Ne4 13. Nxe4 dxe4 14. Nd2 Bf6 15.
Qc2 cxd4 16. Nxe4 Bxe4 17. Qxe4 Nc5 18. Qc2 dxe3 19. Red1 exf2+ 20. Kxf2 Qe7
21. b4 Bxb2 22. Qxb2 Ne4+ 23. Kg1 Qg5 24. Bf3 Qe3+ 25. Kf1 Nf6 26. Re1 Qf4 27.
Kg1 Red8 28. Rcd1 Qxc4 29. Rc1 Qf4 30. Rxc8 Rxc8 31. Rf1 Qe3+ 32. Kh1 Qc3 33.
Qa2 Qe3 34. Qb2 h6 35. h3 Ne4 36. Kh2 Nd2 37. Rd1 Nxf3+ 38. gxf3 Qxf3 39. Rg1
Qc3 40. Qg2 Qc7+ 41. Kh1 Qc6 42. Qxc6 Rxc6 43. Rg3 Rc2 44. Kg1 Kf8 45. Kf1 g5
46. Ke1 f6 47. Kd1 Ra2 48. Rb3 Ke7 49. Ke1 b5 50. Kf1 e5 51. Re3 Rc2 0-1

[Event "Scarborough CC-ch U1800"]
[Site "Toronto CAN"]
[Date "2016.05.11"]
[Round "7"]
[White "Liu, Jianzhong"]
[Black "Pishdad, Hassan"]
[Result "0-1"]
[WhiteElo "1163"]
[BlackElo "1109"]
[PlyCount "96"]
[EventDate "2016.03.31"]
[EventType "swiss"]
[EventRounds "8"]
[EventCountry "CAN"]

1. e4 c5 2. Nf3 e6 3. d4 cxd4 4. Nxd4 Nc6 5. Bc4 d5 6. exd5 exd5 7. Bb5 Bd7 8.
O-O Be7 9. Nc3 Nxd4 10. Bxd7+ Qxd7 11. Qxd4 O-O-O 12. Qxa7 Qc6 13. Na4 Qa6 14.
Qd4 Nf6 15. Nb6+ Kc7 16. Bf4+ Bd6 17. Bxd6+ Rxd6 18. Na4 Re8 19. f3 Qc4 20.
Rfd1 Re1+ 21. Kf2 Qxd4+ 22. Rxd4 Rxa1 23. Nc3 Kc6 24. a3 Rc1 25. Rd2 d4 26. Ne2
Rb1 27. Nxd4+ Kc5 28. c3 Rb6 29. b4+ Kc4 30. Ne2 Ra1 31. Rd4+ Kb3 32. c4 Rxa3
33. b5 Re6 34. Rd3+ Kb4 35. Rxa3 Kxa3 36. c5 Kb4 37. c6 Re7 38. Nd4 b6 39. Nf5
Rc7 40. Nd4 Kc5 41. Ke3 Nd5+ 42. Ke4 Nc3+ 43. Kd3 Nxb5 44. Nf5 f6 45. g4 Kxc6
46. Kc4 Nd6+ 47. Nxd6 Kxd6+ 48. Kb5 Rb7 0-1

[Event "Scarborough CC-ch U1800"]
[Site "Toronto CAN"]
[Date "2016.05.19"]
[Round "8"]
[White "Pishdad, Hassan"]
[Black "Mourgelas, James"]
[Result "1-0"]
[WhiteElo "1109"]
[BlackElo "1418"]
[PlyCount "139"]
[EventDate "2016.03.31"]
[EventType "swiss"]
[EventRounds "8"]
[EventCountry "CAN"]

1. d4 d5 2. c4 c6 3. e3 Nf6 4. cxd5 Qxd5 5. Nc3 Qd8 6. Be2 Bf5 7. Nf3 h6 8. O-O
e6 9. a3 Bd6 10. Nh4 Bh7 11. f4 O-O 12. Nf3 Nbd7 13. b4 Bc7 14. a4 Nd5 15. Nxd5
cxd5 16. Bd3 Bxd3 17. Qxd3 Nf6 18. Ba3 Re8 19. Rac1 Ne4 20. Nd2 Nxd2 21. Qxd2
Rc8 22. b5 b6 23. Rc6 Bb8 24. Rfc1 Rxc6 25. Rxc6 Qd7 26. Qc2 Kh8 27. Kf2 Rg8
28. Bc1 Qd8 29. e4 dxe4 30. Qxe4 Qh4+ 31. Kg1 Rd8 32. g3 Qg4 33. Qc2 Bd6 34.
Kg2 h5 35. Rc8 Rxc8 36. Qxc8+ Kh7 37. Qc2+ Kg8 38. h3 Qg6 39. Qxg6 fxg6 40. g4
hxg4 41. hxg4 Kf7 42. g5 Ke7 43. Kf3 Kf7 44. Ke4 Ke7 45. Bb2 Kf7 46. Bc3 Be7
47. d5 exd5+ 48. Kxd5 Bc5 49. Be5 Be3 50. Kd6 Bc5+ 51. Kd5 Be3 52. Bb8 Ke7 53.
Ke4 Bc5 54. Bxa7 Kd6 55. Bb8+ Ke6 56. Be5 Kf7 57. Kd5 Be3 58. Kc6 Ke6 59. a5
bxa5 60. b6 Bxb6 61. Kxb6 a4 62. Bxg7 Kf5 63. Be5 a3 64. Kc5 a2 65. Kd5 a1=Q
66. Bxa1 Kxf4 67. Bf6 Kf5 68. Kd6 Kg4 69. Ke7 Kf3 70. Kf7 1-0

[Event "September TNT"]
[Site "Winnipeg CAN"]
[Date "2016.09.06"]
[Round "1"]
[White "Letain, Cory"]
[Black "Wiebe, Isaac"]
[Result "1/2-1/2"]
[WhiteElo "1644"]
[BlackElo "2123"]
[PlyCount "135"]
[EventDate "2016.09.06"]
[EventType "swiss"]
[EventRounds "4"]
[EventCountry "CAN"]

1. d4 e6 2. e4 d5 3. exd5 exd5 4. Nf3 c6 5. c4 Nf6 6. Nc3 Bb4 7. Bd3 dxc4 8.
Bxc4 O-O 9. O-O Bg4 10. Bg5 Be7 11. Be2 Nbd7 12. Qb3 Nb6 13. Rac1 Nfd5 14. Bxe7
Qxe7 15. Rfe1 Nf4 16. Ne5 Bxe2 17. Nxe2 Nxe2+ 18. Rxe2 Nd5 19. Rce1 Qc7 20. h4
f6 21. Ng4 Qb6 22. Qg3 Kh8 23. Ne3 Nxe3 24. Qxe3 h6 25. Qc3 Rad8 26. Re4 Rd5
27. b3 f5 28. Rf4 Qc7 29. Re5 Rxe5 30. dxe5 Qe7 31. Qd4 Rd8 32. Qe3 Rd1+ 33.
Kh2 Rd5 34. Rxf5 Qxh4+ 35. Qh3 Qxh3+ 36. Kxh3 Kg8 37. f4 c5 38. Kg4 b5 39. e6
Rxf5 40. Kxf5 Kf8 41. Ke5 Ke7 42. f5 c4 43. bxc4 bxc4 44. Kd4 g6 45. fxg6 Kxe6
46. g7 Kf7 47. g8=Q+ Kxg8 48. Kxc4 Kf7 49. Kb5 Ke6 50. Ka6 Kd6 51. Kxa7 Kc5 52.
Kb7 h5 53. a4 Kb4 54. Kc6 h4 55. Kd5 Kxa4 56. Ke5 Kb5 57. Kf4 Kc6 58. Kg4 h3
59. gxh3 Kd6 60. Kg5 Ke7 61. Kg6 Kf8 62. Kh7 Kf7 63. Kh8 Kf8 64. h4 Kf7 65. Kh7
Kf8 66. Kh8 Kf7 67. h5 Kf8 68. Kh7 1/2-1/2

[Event "September TNT"]
[Site "Winnipeg CAN"]
[Date "2016.09.06"]
[Round "1"]
[White "Valentino, Marcos"]
[Black "Klokow, John"]
[Result "1-0"]
[WhiteElo "2196"]
[BlackElo "1760"]
[PlyCount "121"]
[EventDate "2016.09.06"]
[EventType "swiss"]
[EventRounds "4"]
[EventCountry "CAN"]

1. d4 Nf6 2. c4 g6 3. Nc3 d5 4. Nf3 Bg7 5. g3 dxc4 6. Qa4+ c6 7. Qxc4 O-O 8.
Bg2 Be6 9. Qd3 Nbd7 10. O-O Nb6 11. b3 Nfd5 12. Bb2 Nxc3 13. Bxc3 Nd5 14. Rac1
Nxc3 15. Rxc3 Qa5 16. Qc2 Bf5 17. Rc5 Bxc2 18. Rxa5 Be4 19. Rd1 Rfd8 20. e3 b6
21. Ra4 c5 22. Rc4 e5 23. d5 Rxd5 24. Rxd5 Bxd5 25. Rc1 Bxf3 26. Bxf3 Rd8 27.
Rc2 Kf8 28. Be2 Ke7 29. Bc4 e4 30. Kg2 g5 31. g4 h6 32. a4 a5 33. h3 Be5 34.
Be2 Bc7 35. Rc4 Rd2 36. Rxe4+ Kf6 37. Bc4 Bd6 38. Re8 Bc7 39. Bb5 Be5 40. Rc8
Rd6 41. Bc4 Rd7 42. Rc6+ Rd6 43. Rc7 Re6 44. Rb7 Rd6 45. Rxf7+ Kg6 46. Re7 Bf6
47. Re6 Rxe6 48. Bxe6 Be5 49. Kf3 Kf6 50. Bc4 Bb8 51. Ke4 Bd6 52. f4 gxf4 53.
exf4 Bc7 54. h4 Bb8 55. g5+ hxg5 56. fxg5+ Kg6 57. Be2 Bg3 58. h5+ Kxg5 59. Kd5
Bf4 60. Kc6 Kh6 61. Kxb6 1-0

[Event "September TNT"]
[Site "Winnipeg CAN"]
[Date "2016.09.13"]
[Round "2"]
[White "Klokow, John"]
[Black "Piche, Zachary"]
[Result "1-0"]
[WhiteElo "1760"]
[BlackElo "1181"]
[PlyCount "117"]
[EventDate "2016.09.06"]
[EventType "swiss"]
[EventRounds "4"]
[EventCountry "CAN"]

1. e4 c5 2. b4 cxb4 3. a3 bxa3 4. d4 Nc6 5. Nf3 e6 6. Bd3 Nf6 7. O-O Be7 8.
Nxa3 Nb4 9. Bf4 O-O 10. Nb5 d5 11. Nc7 Rb8 12. Nxd5 Ra8 13. Nc7 Rb8 14. Rxa7
Nc6 15. Ra1 Nxd4 16. Nxd4 Qxd4 17. Nb5 Qc5 18. Bxb8 Rd8 19. Ba7 Qg5 20. Be3 Qe5
21. f3 Bd7 22. Qe2 Bxb5 23. Bxb5 Bd6 24. g3 Rc8 25. Bd3 Bc5 26. Bxc5 Qxc5+ 27.
Qf2 Qg5 28. Rfb1 h6 29. Rxb7 Nh5 30. Kh1 f5 31. exf5 exf5 32. Rab1 f4 33. g4
Nf6 34. Rb8 Rxb8 35. Rxb8+ Kf7 36. Qa7+ Ke6 37. Rb6+ Ke5 38. Qc7+ Kd4 39. Re6
Qc5 40. Qxc5+ Kxc5 41. h4 Nd5 42. Be4 Ne3 43. Re7 g5 44. hxg5 hxg5 45. Re5+ Kd6
46. Rxg5 Ke6 47. Rg6+ Kf7 48. Kg1 Nd1 49. c4 Nc3 50. Ra6 Ne2+ 51. Kf2 Nd4 52.
c5 Ne6 53. c6 Ke7 54. Ra7+ Kd6 55. Rd7+ Kc5 56. c7 Nxc7 57. Rxc7+ Kd6 58. Rf7
Ke6 59. Rf5 1-0

[Event "September TNT"]
[Site "Winnipeg CAN"]
[Date "2016.09.20"]
[Round "3"]
[White "Konara, Harshani"]
[Black "Klokow, John"]
[Result "1-0"]
[WhiteElo "1860"]
[BlackElo "1760"]
[PlyCount "55"]
[EventDate "2016.09.06"]
[EventType "swiss"]
[EventRounds "4"]
[EventCountry "CAN"]

1. c4 e5 2. Nc3 Nf6 3. g3 d5 4. cxd5 Nxd5 5. Bg2 Nb6 6. d3 Be7 7. Nf3 Nc6 8.
Be3 O-O 9. O-O Be6 10. Ne4 Nd7 11. d4 exd4 12. Nxd4 Nxd4 13. Bxd4 c6 14. Qc2
Bd5 15. Rfd1 Qa5 16. a3 Rac8 17. b4 Qc7 18. Rac1 a5 19. Qc3 axb4 20. axb4 Bxe4
21. Bxe4 f6 22. Bf5 Rcd8 23. Qc4+ Kh8 24. Qe6 Bxb4 25. Qe4 Rfe8 26. Qh4 Nf8 27.
Bxf6 Ba3 28. Bxd8 1-0

[Event "September TNT"]
[Site "Winnipeg CAN"]
[Date "2016.09.27"]
[Round "4"]
[White "Klokow, John"]
[Black "Marshall, Carter"]
[Result "1-0"]
[WhiteElo "1760"]
[BlackElo "1381"]
[PlyCount "107"]
[EventDate "2016.09.06"]
[EventType "swiss"]
[EventRounds "4"]
[EventCountry "CAN"]

1. e4 c5 2. b4 e6 3. Nf3 Nc6 4. b5 Nd4 5. Bb2 Qb6 6. Na3 d5 7. exd5 exd5 8.
Nxd4 cxd4 9. Rb1 Nf6 10. Bd3 Bg4 11. f3 Bh5 12. O-O Be7 13. Re1 Rd8 14. Re5 Kf8
15. Qe2 Bd6 16. Re1 Bxe5 17. Qxe5 Re8 18. Qg3 Rxe1+ 19. Qxe1 Bg6 20. Qg3 Ke7
21. Qe5+ Qe6 22. Qxe6+ Kxe6 23. Bxg6 hxg6 24. Bxd4 b6 25. Nb1 Rc8 26. Nc3 Rc4
27. Bxf6 gxf6 28. Ne2 Rxc2 29. Nd4+ Ke5 30. Nxc2 d4 31. Kf2 Kd5 32. Ke2 Kc4 33.
d3+ Kc3 34. Na3 Kb4 35. Nc4 Kxb5 36. f4 Kc6 37. a4 a6 38. Kf3 b5 39. axb5+ axb5
40. Nd2 Kc5 41. g4 Kb4 42. h4 Kc3 43. Ke2 b4 44. h5 gxh5 45. gxh5 b3 46. h6 b2
47. h7 Kc2 48. h8=Q b1=Q 49. Nxb1 Kxb1 50. Kd2 Kb2 51. Qb8+ Ka3 52. Kc2 Ka4 53.
Qb6 Ka3 54. Qb3# 1-0

[Event "September TNT"]
[Site "Winnipeg CAN"]
[Date "2016.09.27"]
[Round "4"]
[White "Wolchock, Theo"]
[Black "Wiebe, Isaac"]
[Result "0-1"]
[WhiteElo "2013"]
[BlackElo "2123"]
[PlyCount "136"]
[EventDate "2016.09.06"]
[EventType "swiss"]
[EventRounds "4"]
[EventCountry "CAN"]

1. c4 f5 2. g3 Nf6 3. Bg2 d6 4. Nc3 e5 5. d3 Be7 6. Nf3 O-O 7. O-O Qe8 8. b4 c6
9. Qb3 Qh5 10. Ne1 f4 11. e3 Ng4 12. Nf3 fxg3 13. fxg3 Be6 14. Qc2 Na6 15. a3
Bg5 16. Qe2 Bd8 17. Bd2 Bb6 18. Rae1 d5 19. c5 Bc7 20. e4 b6 21. Na4 b5 22. Nb2
dxe4 23. dxe4 Rad8 24. Bh1 h6 25. Rd1 Bb3 26. Rc1 Rd7 27. Bc3 Nf6 28. Qe3 Ng4
29. Qe2 Rdf7 30. Bd2 Nb8 31. Be3 Nd7 32. Nd2 Be6 33. Rxf7 Rxf7 34. Rf1 Ndf6 35.
Bf3 Qh3 36. Bxg4 Bxg4 37. Qg2 Qh5 38. Nd3 Bh3 39. Qf3 Bxf1 40. Qxh5 Nxh5 41.
Nxf1 Rd7 42. Nf2 Nf6 43. Kg2 a5 44. h3 axb4 45. axb4 Rd8 46. g4 Ra8 47. g5 hxg5
48. Bxg5 Ra4 49. Bxf6 gxf6 50. Nd3 Ra3 51. Nc1 Rc3 52. Ne2 Rb3 53. Nfg3 Rxb4
54. Kf3 Rc4 55. Nf5 Rxc5 56. Neg3 b4 57. Nh5 b3 58. Nxf6+ Kf7 59. Nd7 Rc3+ 60.
Kg4 b2 61. Nh6+ Ke7 62. Ng8+ Kxd7 63. Nf6+ Ke6 64. Nd5 Rg3+ 65. Kxg3 cxd5 66.
exd5+ Kxd5 67. h4 e4+ 68. Kg4 Bg3 0-1

[Event "Ste-Foy - Botwinnik"]
[Site "Ste-Foy CAN"]
[Date "2016.09.10"]
[Round "1"]
[White "Chouinard, Etienne"]
[Black "Gaudreau, Eric"]
[Result "1/2-1/2"]
[WhiteElo "1879"]
[BlackElo "1712"]
[PlyCount "98"]
[EventDate "2016.09.10"]
[EventType "tourn"]
[EventRounds "5"]
[EventCountry "CAN"]

1. e4 g6 2. d4 Bg7 3. Nf3 d6 4. Bc4 e6 5. O-O a6 6. a4 Ne7 7. c3 O-O 8. Be3 Nd7
9. Nbd2 Nf6 10. e5 Ng4 11. exd6 cxd6 12. h3 Nxe3 13. fxe3 Nf5 14. Qe1 Bh6 15.
e4 Ne3 16. Qg3 Nxf1 17. Rxf1 Qe7 18. h4 Bxd2 19. Nxd2 e5 20. h5 Be6 21. d5 Bd7
22. Nf3 Kg7 23. Nh4 g5 24. Nf5+ Bxf5 25. h6+ Kh8 26. Rxf5 f6 27. Be2 Rac8 28.
Qf2 Qf7 29. Qb6 Qc7 30. Qb3 Qc5+ 31. Kh2 Rc7 32. c4 a5 33. Qg3 Qd4 34. Qxg5
Qxe4 35. Bf3 Qe1 36. Rxf6 Rg8 37. Qf5 Rxc4 38. g4 Qh4+ 39. Kg2 Rcxg4+ 40. Bxg4
Rxg4+ 41. Kf3 Qh3+ 42. Ke2 Qg2+ 43. Qf2 Qe4+ 44. Kd2 Qb4+ 45. Kc1 Qc4+ 46. Kb1
Qe4+ 47. Kc1 Qc4+ 48. Kb1 Qe4+ 49. Kc1 Qc4+ 1/2-1/2

[Event "Ste-Foy - Botwinnik"]
[Site "Ste-Foy CAN"]
[Date "2016.09.10"]
[Round "1"]
[White "Poliquin, Yvon"]
[Black "Laflamme, Simon"]
[Result "1/2-1/2"]
[WhiteElo "2021"]
[BlackElo "1838"]
[PlyCount "94"]
[EventDate "2016.09.10"]
[EventType "tourn"]
[EventRounds "5"]
[EventCountry "CAN"]

1. d4 Nf6 2. Nc3 d5 3. Bf4 g6 4. e3 Bg7 5. Be2 c6 6. Nf3 Nbd7 7. Ne5 O-O 8. h4
Nxe5 9. Bxe5 Ne4 10. Nxe4 Bxe5 11. Nd2 Bg7 12. f4 c5 13. c3 Qb6 14. Qb3 Qxb3
15. axb3 cxd4 16. exd4 h5 17. Bf3 Rd8 18. Ra5 Be6 19. Kf2 a6 20. Rha1 Rac8 21.
Nf1 Bh6 22. g3 Rc7 23. Ne3 Rcd7 24. b4 f6 25. b5 axb5 26. Rxb5 Bf7 27. Ra7 e5
28. Ng2 exf4 29. gxf4 Rb8 30. Ne3 Bxf4 31. Nxd5 Bxd5 32. Bxd5+ Kf8 33. Kf3 Bc1
34. Ra1 Bxb2 35. Rxb2 Rxd5 36. Ke4 Rd7 37. Rb6 Re8+ 38. Kd3 Kf7 39. Rab1 Ree7
40. c4 f5 41. d5 Rc7 42. d6 Red7 43. Kc3 Rc6 44. Rxc6 bxc6 45. c5 Ke6 46. Kd4
Ra7 47. Re1+ Kf6 1/2-1/2

[Event "Ste-Foy - Botwinnik"]
[Site "Ste-Foy CAN"]
[Date "2016.09.10"]
[Round "1"]
[White "Sarra-Bournet, Marc"]
[Black "Sauve, Richard"]
[Result "1-0"]
[WhiteElo "1797"]
[BlackElo "1905"]
[PlyCount "57"]
[EventDate "2016.09.10"]
[EventType "tourn"]
[EventRounds "5"]
[EventCountry "CAN"]

1. e4 e6 2. d4 d5 3. Nd2 Nf6 4. e5 Nfd7 5. f4 c5 6. c3 Nc6 7. Ndf3 Qb6 8. Ne2
Be7 9. g3 O-O 10. Bh3 cxd4 11. cxd4 Qa6 12. O-O Nb6 13. b3 Bd7 14. a4 Rac8 15.
Bb2 Bb4 16. Ne1 Rfd8 17. Nd3 Qa5 18. Nxb4 Qxb4 19. Ba3 Qa5 20. Bc5 Nb4 21. Rc1
Na2 22. Rc2 Nb4 23. Qd2 Nc6 24. Nc3 a6 25. f5 Re8 26. f6 gxf6 27. Rxf6 Nxe5 28.
Qg5+ Ng6 29. b4 1-0

[Event "Ste-Foy - Botwinnik"]
[Site "Ste-Foy CAN"]
[Date "2016.09.10"]
[Round "1"]
[White "Skakni, Ismael"]
[Black "Fortin, Jean-Michel"]
[Result "0-1"]
[WhiteElo "1850"]
[BlackElo "1414"]
[PlyCount "62"]
[EventDate "2016.09.10"]
[EventType "tourn"]
[EventRounds "5"]
[EventCountry "CAN"]

1. d4 Nf6 2. Nf3 c5 3. e3 g6 4. c3 b6 5. Bd3 Bg7 6. Qe2 Bb7 7. O-O d5 8. Nbd2
O-O 9. Ne5 Nbd7 10. Ndf3 Ne4 11. Nxd7 Qxd7 12. Ne5 Qc7 13. f3 Nf6 14. Bd2 c4
15. Bc2 Nd7 16. Nxd7 Qxd7 17. e4 e5 18. dxe5 dxe4 19. f4 Rad8 20. Rad1 Qc6 21.
Be3 Rd3 22. Bd4 f5 23. Rd2 Rd8 24. Rf2 R8xd4 25. cxd4 e3 26. Bxd3 exf2+ 27.
Qxf2 cxd3 28. Qe3 Qe4 29. Qf2 Bh6 30. Qh4 Bg5 31. Qg3 Bxf4 0-1

[Event "Ste-Foy - Botwinnik"]
[Site "Ste-Foy CAN"]
[Date "2016.09.10"]
[Round "1"]
[White "Tremblay, Charles"]
[Black "Doyon, Stephane"]
[Result "1/2-1/2"]
[WhiteElo "1624"]
[BlackElo "1870"]
[PlyCount "145"]
[EventDate "2016.09.10"]
[EventType "tourn"]
[EventRounds "5"]
[EventCountry "CAN"]

1. c4 c6 2. Nc3 Nf6 3. Nf3 d5 4. d4 e6 5. Bf4 Nbd7 6. e3 Be7 7. Bd3 O-O 8. O-O
dxc4 9. Bxc4 b5 10. Bd3 Bb7 11. a3 a6 12. Qc2 c5 13. dxc5 Nxc5 14. Rad1 Nxd3
15. Rxd3 Qb6 16. Rfd1 Rac8 17. Qe2 a5 18. Bd6 Bxd6 19. Rxd6 Rc6 20. Nxb5 Ba6
21. Rxc6 Qxc6 22. Nfd4 Qd5 23. a4 Rd8 24. Qe1 Bb7 25. f3 Qe5 26. Na7 Qc5 27.
Nab5 e5 28. Rc1 Qb6 29. Nb3 Rd3 30. Nc5 Rd8 31. Nxb7 Qxb7 32. Qxa5 Ra8 33. Qc7
Qxc7 34. Rxc7 Nd5 35. Ra7 Rxa7 36. Nxa7 Nxe3 37. a5 Nd5 38. Nc6 Kf8 39. a6 f6
40. a7 Nb6 41. b4 Ke8 42. b5 Kd7 43. Kf2 Kd6 44. Nb8 Kc7 45. Ke2 Na8 46. Kd3
Kb6 47. Kc4 Kxa7 48. Nd7 Kb7 49. Kc5 Nc7 50. b6 Na8 51. Kd6 Nxb6 52. Nxb6 Kxb6
53. Ke7 Kc5 54. Kf7 Kd5 55. Kxg7 f5 56. f4 e4 57. g4 e3 58. gxf5 e2 59. f6 e1=Q
60. f7 Qe7 61. Kg8 Qe6 62. f5 Qxf5 63. f8=Q Qg6+ 64. Qg7 Qxg7+ 65. Kxg7 h5 66.
h4 Ke5 67. Kg6 Ke6 68. Kxh5 Kf7 69. Kg5 Kg8 70. Kg6 Kh8 71. h5 Kg8 72. Kg5 Kh8
73. h6 1/2-1/2

[Event "Ste-Foy - Botwinnik"]
[Site "Ste-Foy CAN"]
[Date "2016.09.17"]
[Round "2"]
[White "Adil, Nafil"]
[Black "Chouinard, Etienne"]
[Result "0-1"]
[WhiteElo "1623"]
[BlackElo "1879"]
[PlyCount "142"]
[EventDate "2016.09.10"]
[EventType "tourn"]
[EventRounds "5"]
[EventCountry "CAN"]

1. d4 d5 2. c4 e6 3. Nc3 Nf6 4. Bg5 Nbd7 5. e3 c6 6. cxd5 exd5 7. Bd3 Qa5 8.
Nge2 Bd6 9. Qc2 O-O 10. O-O Re8 11. a3 Ne4 12. b4 Qc7 13. Bf4 Bxf4 14. Nxf4
Nxc3 15. Qxc3 Nf6 16. Rac1 g5 17. Ne2 h5 18. b5 Bd7 19. Qc2 Qd6 20. bxc6 bxc6
21. Bf5 Rac8 22. Bxd7 Qxd7 23. Rb1 h4 24. Qd3 h3 25. Ng3 hxg2 26. Rfc1 Ne4 27.
Nxe4 Rxe4 28. f3 Rh4 29. Qe2 Qe7 30. Rc3 Rxd4 31. Qxg2 Rc4 32. Rcb3 f6 33. Qh3
Re8 34. Kh1 Qh7 35. Qg3 Rc3 36. f4 Qe4+ 37. Kg1 Rxe3 38. Qxe3 Qxe3+ 39. Rxe3
Rxe3 40. fxg5 fxg5 41. Rc1 Rxa3 42. Rxc6 Kf7 43. Rd6 Ra5 44. Kf2 Ke7 45. Rc6
Ra4 46. Kg3 a5 47. Rg6 g4 48. Kh4 Re4 49. Kg5 a4 50. Ra6 Rc4 51. Kf5 d4 52. Ke4
Rb4 53. Kd3 Kd7 54. Rg6 a3 55. Ra6 Rb2 56. Rxa3 Ke6 57. Ra5 Rxh2 58. Rg5 Rg2
59. Kxd4 Kf6 60. Rg8 Kf5 61. Ke3 Ra2 62. Rf8+ Kg5 63. Rf1 Kh4 64. Rh1+ Kg3 65.
Rh8 Kg2 66. Rg8 g3 67. Rg7 Ra3+ 68. Ke2 Kg1 69. Ke1 g2 70. Rg8 Kh2 71. Rh8+ Rh3
0-1

[Event "Ste-Foy - Botwinnik"]
[Site "Ste-Foy CAN"]
[Date "2016.09.17"]
[Round "2"]
[White "Fortin, Jean-Michel"]
[Black "Sarra-Bournet, Marc"]
[Result "0-1"]
[WhiteElo "1414"]
[BlackElo "1797"]
[PlyCount "78"]
[EventDate "2016.09.10"]
[EventType "tourn"]
[EventRounds "5"]
[EventCountry "CAN"]

1. e4 e5 2. f4 exf4 3. Bc4 Nf6 4. Nc3 Bb4 5. d3 O-O 6. e5 Re8 7. Bxf4 d5 8. Kf1
Bxc3 9. bxc3 Ng4 10. h3 Nxe5 11. Bb3 Qf6 12. Qe1 Qxf4+ 13. Nf3 Bd7 14. Qh4 Qxh4
15. Nxh4 c6 16. Re1 Na6 17. d4 Ng6 18. Nf3 Rxe1+ 19. Kxe1 Re8+ 20. Kf2 Nc7 21.
c4 Nf4 22. Ne5 Bf5 23. cxd5 cxd5 24. Kf3 Nce6 25. c3 Be4+ 26. Ke3 Nxg2+ 27. Kd2
Nh4 28. Rf1 f6 29. Ba4 Re7 30. Nd3 Bg2 31. Rb1 Ng5 32. c4 dxc4 33. Nc5 Bd5 34.
Bb5 b6 35. Na6 Nhf3+ 36. Kc3 Ne4+ 37. Kb4 c3 38. Bc4 Bxc4 39. Kxc4 Nfd2+ 0-1

[Event "Ste-Foy - Botwinnik"]
[Site "Ste-Foy CAN"]
[Date "2016.09.17"]
[Round "2"]
[White "Gaudreau, Eric"]
[Black "Poliquin, Yvon"]
[Result "0-1"]
[WhiteElo "1712"]
[BlackElo "2021"]
[PlyCount "44"]
[EventDate "2016.09.10"]
[EventType "tourn"]
[EventRounds "5"]
[EventCountry "CAN"]

1. c4 e5 2. g3 Nf6 3. Bg2 c6 4. d4 exd4 5. Qxd4 d5 6. cxd5 cxd5 7. Nc3 Nc6 8.
Qa4 Be6 9. Bg5 Bb4 10. a3 Bxc3+ 11. bxc3 h6 12. Be3 Qa5 13. Qxa5 Nxa5 14. Nf3
O-O 15. Ne5 Rfc8 16. Bd4 Ne4 17. O-O Nxc3 18. Bxc3 Rxc3 19. Rfd1 Rd8 20. Rdc1
d4 21. Rxc3 dxc3 22. Rc1 Nb3 0-1

[Event "Ste-Foy - Botwinnik"]
[Site "Ste-Foy CAN"]
[Date "2016.09.17"]
[Round "2"]
[White "Laflamme, Simon"]
[Black "Bahadi, Khalid"]
[Result "1/2-1/2"]
[WhiteElo "1838"]
[BlackElo "1887"]
[PlyCount "87"]
[EventDate "2016.09.10"]
[EventType "tourn"]
[EventRounds "5"]
[EventCountry "CAN"]

1. Nf3 Nf6 2. c4 g6 3. Nc3 Bg7 4. e4 d6 5. d4 O-O 6. h3 Nc6 7. d5 Nb8 8. Be3 e5
9. Be2 Nbd7 10. g4 Qe8 11. Nh2 Nxe4 12. Nxe4 f5 13. gxf5 gxf5 14. Bh5 Qe7 15.
Bg5 Nf6 16. Nxf6+ Bxf6 17. Bh6 Rd8 18. Nf3 Kh8 19. h4 Bd7 20. Ng5 Rf8 21. Bxf8
Rxf8 22. Qd2 f4 23. O-O-O Bf5 24. Rdg1 c6 25. Nf7+ Rxf7 26. Bxf7 Qxf7 27. f3
cxd5 28. Qxd5 Qxd5 29. cxd5 e4 30. fxe4 Bxe4 31. Rh2 Be5 32. Rd2 f3 33. Rg4 Bf5
34. Rg5 Bd7 35. Rxe5 dxe5 36. Rf2 e4 37. Kd2 Kg7 38. Ke3 Bf5 39. Kf4 Kf6 40.
Rd2 Ke7 41. Rf2 Bg6 42. h5 Bxh5 43. Kxe4 Bg4 44. Ke5 1/2-1/2

[Event "Ste-Foy - Botwinnik"]
[Site "Ste-Foy CAN"]
[Date "2016.09.24"]
[Round "3"]
[White "Bahadi, Khalid"]
[Black "Sauve, Richard"]
[Result "1/2-1/2"]
[WhiteElo "1887"]
[BlackElo "1905"]
[PlyCount "112"]
[EventDate "2016.09.10"]
[EventType "tourn"]
[EventRounds "5"]
[EventCountry "CAN"]

1. e4 e6 2. d4 d5 3. Nc3 Nf6 4. Bd3 c5 5. Nf3 Nc6 6. e5 Nd7 7. Be3 cxd4 8. Bxd4
Nxd4 9. Nxd4 Nxe5 10. Bb5+ Bd7 11. Qe2 Bxb5 12. Qxe5 Bc6 13. O-O-O Qd6 14. Qg5
h6 15. Qe3 Be7 16. f4 O-O 17. g4 Bf6 18. h4 e5 19. Nf5 exf4 20. Qd3 Qb4 21. g5
Bxc3 22. bxc3 Qe4 23. gxh6 g6 24. Rhg1 Qxd3 25. Rxd3 Kh7 26. Ne7 Kxh6 27. Rf3
Rfe8 28. Nxc6 bxc6 29. Rxf4 Re7 30. Rf6 Rc8 31. Rgf1 Kg7 32. Kd2 Rcc7 33. h5
gxh5 34. R6f5 h4 35. Rg1+ Kf8 36. Rg4 Re4 37. Rxe4 dxe4 38. Rf4 Re7 39. Ke3 Kg7
40. Rg4+ Kf6 41. Rxh4 Kg5 42. Rh7 Kg6 43. Rh8 f5 44. Rc8 f4+ 45. Kxf4 e3 46.
Rg8+ Kf6 47. Rg1 e2 48. Re1 Re5 49. Kf3 Ra5 50. Kxe2 Rxa2 51. Kd3 Ra5 52. Kc4
Re5 53. Rf1+ Ke6 54. Ra1 a5 55. Rd1 Re2 56. Ra1 Re5 1/2-1/2

[Event "Ste-Foy - Botwinnik"]
[Site "Ste-Foy CAN"]
[Date "2016.09.24"]
[Round "3"]
[White "Chouinard, Etienne"]
[Black "Doyon, Stephane"]
[Result "1-0"]
[WhiteElo "1879"]
[BlackElo "1870"]
[PlyCount "57"]
[EventDate "2016.09.10"]
[EventType "tourn"]
[EventRounds "5"]
[EventCountry "CAN"]

1. b3 d5 2. Bb2 Nf6 3. Nf3 c5 4. e3 Nc6 5. d4 cxd4 6. Nxd4 Nxd4 7. Qxd4 g6 8.
Bb5+ Bd7 9. Qa4 Bg7 10. Bxd7+ Qxd7 11. Qxd7+ Kxd7 12. Na3 Rhd8 13. O-O-O Kc6
14. c4 e6 15. cxd5+ exd5 16. Kb1 Ne8 17. Bd4 Bxd4 18. Rxd4 Rd6 19. Rc1+ Kd7 20.
Rcd1 Nf6 21. Nb5 Re6 22. Nc3 Ke7 23. Nxd5+ Nxd5 24. Rxd5 Kf6 25. Rd7 Rb8 26.
Rc7 Re7 27. Rd6+ Ke5 28. Rxe7+ Kxd6 29. Rxf7 1-0

[Event "Ste-Foy - Botwinnik"]
[Site "Ste-Foy CAN"]
[Date "2016.09.24"]
[Round "3"]
[White "Leblanc-Legault, Mathieu"]
[Black "Laflamme, Simon"]
[Result "1-0"]
[WhiteElo "1695"]
[BlackElo "1838"]
[PlyCount "81"]
[EventDate "2016.09.10"]
[EventType "tourn"]
[EventRounds "5"]
[EventCountry "CAN"]

1. Nf3 Nf6 2. d4 d5 3. e3 c5 4. Be2 g6 5. O-O Bg7 6. c3 O-O 7. b4 cxb4 8. cxb4
Ne4 9. a4 a5 10. b5 Nd7 11. Bb2 Nb6 12. Nbd2 Nxd2 13. Nxd2 Bf5 14. Qb3 Qd7 15.
Rfc1 Rfc8 16. Ba3 e5 17. Bc5 Qe6 18. Bd3 Bxd3 19. Qxd3 exd4 20. Bxd4 Bxd4 21.
Qxd4 f6 22. Nb3 Rc4 23. Rxc4 Nxc4 24. Rd1 Nb6 25. Nc5 Qf7 26. Ne4 dxe4 27. Qxb6
f5 28. Rd8+ Rxd8 29. Qxd8+ Kg7 30. Qxa5 Qc4 31. h3 f4 32. Qd2 fxe3 33. fxe3
Qxa4 34. Qd5 b6 35. Kh2 Qb4 36. Qb7+ Kh6 37. Qxb6 Qc3 38. Qb8 Qxe3 39. b6 Qf2
40. b7 e3 41. Qg3 1-0